| 000 | 01088nam a22003850a 4500 | ||
|---|---|---|---|
| 001 | PT36029 | ||
| 003 | AR-LpoUNG | ||
| 005 | 20210131230334.0 | ||
| 008 | 191001s2008||||ag |||||||||||||||||spa d | ||
| 020 |
_a9789875742413 _c$11 |
||
| 040 |
_aAR-LpoUNG _bspa _cAR-LpoUNG _eaacr |
||
| 041 | _aspa | ||
| 044 | _aag | ||
| 082 | 0 | _a982.065 283dic | |
| 100 | 1 | _aÁguila, Gabriela | |
| 245 | 1 | 0 |
_aDictadura, represión y sociedad en Rosario, 1976/1983 : _bun estudio sobre la represión y los comportamientos y actitudes sociales en dictadura |
| 250 | _a1ra. ed. | ||
| 260 |
_aBuenos Aires : _bPrometeo, _c2008. |
||
| 300 |
_a363 p. : _bil. |
||
| 650 | 4 | _aANALISIS HISTORICO | |
| 650 | 4 | _aANALISIS SOCIOLOGICO | |
| 650 | 4 | _aARGENTINA | |
| 650 | 4 | _aCOMPORTAMIENTO SOCIAL | |
| 650 | 4 | _aDICTADURA | |
| 650 | 4 | _aGOBIERNO MILITAR | |
| 650 | 4 | _aHISTORIA POLITICA | |
| 650 | 4 | _aHISTORIA SOCIAL | |
| 650 | 4 | _aSOCIEDAD | |
| 650 | 4 | _aVIOLENCIA | |
| 651 | 4 | _aArgentina | |
| 653 | _aCENTROS CLANDESTINOS DE DETENCION | ||
| 653 | _aREPRESION | ||
| 905 | _a36029 | ||
| 942 | _cLIB | ||
| 999 |
_c2887 _d2887 |
||